000
00347 a2200157 4500
001
75595
020
_a
9788502102026
040
_c
Anchieta - Colégio São Paulo
100
_a
Smole, Kátia Cristina Stocco
240
1
0
_a
Matemática:
_l
por
245
1
0
_a
Matemática:
300
_a
448
362
0
_a
2010
650
4
_a
Matemática
942
_c
BK
999
_c
75595
_d
75595